Представление документа в формате MARC21

Поле Инд. ПП Название Значение
Тип записи a
Библиографический уровень b
001 Контрольный номер RU/IS/BASE/648653818
005 Дата корректировки 20200721133658.1
040 b Код языка каталог. rus
e Правила каталог. PSBO
041 0_ a Код языка текста rus
097 b Оператор Зайцева
100 a Автор Уманский Кирилл
245 10 a Заглавие Ритм: от вселенной до композитора
260 c Дата издания 2020
653 a Ключевые слова музыка
653 1_ a Ключевые слова ритм
773 08 w Контрольный № источника RU/IS/BASE/648653053
t Название источника Музыкальная академия
d Место и дата издания 2020
g Прочая информация № 2. - с. 37-41
901 t Тип документа b